[Event "Ring In The New Year With A Chess Tournament"]
[Site "SchemingMind.com"]
[Date "2012.01.05"]
[Round "-"]
[White "Majoanis"]
[Black "mochiron"]
[Result "1-0"]
[WhiteCountry "CAN"]
[BlackCountry "JPN"]
[WhiteElo "1862"]
[WhiteRD "58"]
[BlackElo "1490"]
[BlackRD "63"]
[GameID "300435"]

1. b3 d5 2. Bb2 Nf6 3. e3 Bf5 4. f4 e6 5. Nf3 Nc6 6. Bb5 a6 7. Bxc6+ bxc6 8. O-O Ng4 9. Ne5 Qh4 10. Nxg4 Bxg4
11. Qe1 Qh6 12. Qg3 Bf5 13. d3 Be7 14. Bxg7 Bh4 15. Bxh6 Bxg3 16. hxg3 f6 17. Bg7 Rg8 18. Bxf6 Rxg3 19. Kf2 Rg6 20. Bb2 O-O-O
21. Nd2 Rf8 22. Nf3 Rfg8 23. Rg1 c5 24. Nh4 Rg4 25. Nxf5 exf5 26. c4 dxc4 27. dxc4 h5 28. Ba3 Rd8 29. Rad1 Re8 30. Bxc5 h4
31. b4 Kb7 32. a4 Kc6 33. Rd5 Re4 34. Rxf5 Rxc4 35. Rg5 Rxg5 36. fxg5 a5 37. Rb1 axb4 38. Bxb4 Rg4 39. a5 Rxg5 40. a6 Rb5
41. Rc1+ Kb6 42. Be7 Kxa6 43. Rxc7 Rb2+ 44. Kf3 h3 45. gxh3
1-0

[Event "Ring In The New Year With A Chess Tournament"]
[Site "SchemingMind.com"]
[Date "2012.01.02"]
[Round "-"]
[White "Majoanis"]
[Black "grabapawn"]
[Result "1-0"]
[WhiteCountry "CAN"]
[BlackCountry "USA"]
[WhiteElo "1788"]
[WhiteRD "63"]
[BlackElo "1628"]
[BlackRD "62"]
[GameID "300436"]

1. e4 c5 2. Nf3 Nc6 3. d4 cxd4 4. Nxd4 e5 5. Nb5 a6 6. Nd6+ Bxd6 7. Qxd6 Nge7 8. Nc3 O-O 9. Bg5 f6 10. Bc4+ Kh8
11. Be3 b5 12. Bb3 Nd4 13. Bxd4 exd4 14. Qxd4 Ra7 15. Qxa7 Nc6 16. Qe3 d6 17. O-O Nb4 18. a3 Nc6 19. Rad1 Ne5 20. Nd5 Bb7
21. f4 Ng4 22. Qg3 Nh6 23. Kh1 Qd7 24. h3 Re8 25. Rfe1 Qe6 26. Nc7
1-0

[Event "Ring In The New Year With A Chess Tournament"]
[Site "SchemingMind.com"]
[Date "2012.01.02"]
[Round "-"]
[White "Majoanis"]
[Black "Phillip Beckett"]
[Result "1-0"]
[WhiteCountry "CAN"]
[BlackCountry "ENG"]
[WhiteElo "1788"]
[WhiteRD "63"]
[BlackElo "1612"]
[BlackRD "50"]
[GameID "300437"]

1. e4 e5 2. Bc4 Nf6 3. d3 Nc6 4. Nf3 Be7 5. c3 d6 6. O-O O-O 7. Bb3 h6 8. Nbd2 Nh7 9. Re1 Ng5 10. Nxg5 Bxg5
11. Nf3 Bxc1 12. Rxc1 Kh7 13. h3 f5 14. d4 fxe4 15. Bc2 exd4 16. Bxe4+ Kg8 17. cxd4 Bd7 18. Qb3+ Kh8 19. d5 Na5 20. Qc3 c5
21. Bb1 b6 22. g4 Qf6 23. Qd3 g6 24. Re3 c4 25. Qxg6 Qxg6 26. Bxg6 Rf6 27. Bh5 Raf8 28. Nh4 Kh7 29. Re7+ Kg8 30. Rxd7 Rxf2
31. Nf5 Rxb2 32. Nxh6+ Kh8 33. Bg6 Rff2 34. Rh7#
1-0

[Event "Ring In The New Year With A Chess Tournament"]
[Site "SchemingMind.com"]
[Date "2012.01.02"]
[Round "-"]
[White "Mitch The Man"]
[Black "Majoanis"]
[Result "0-1"]
[WhiteCountry "USA"]
[BlackCountry "CAN"]
[WhiteElo "1352"]
[WhiteRD "61"]
[BlackElo "1788"]
[BlackRD "63"]
[GameID "300439"]

1. e4 c6 2. d4 d5 3. e5 Bf5 4. Bd3 Bxd3 5. Qxd3 Qa5+ 6. Bd2 Qa6 7. Qxa6 Nxa6 8. Ne2 e6 9. a3 c5 10. O-O Ne7
11. dxc5 Nxc5 12. Bb4 Nc6 13. Bc3 Be7 14. b3 O-O 15. f4 Ne4 16. Be1 Bc5+ 17. Kh1 a6 18. b4 Ba7 19. c3 f6 20. Ra2 fxe5
21. Nd2 Nxd2 22. Rxd2 exf4 23. Rd3 g5 24. Bf2 Bxf2 25. Rxf2 Rac8 26. h3 Kg7 27. Nd4 Nxd4 28. Rxd4 Rxc3 29. a4 Rc4 30. Rxc4 dxc4
31. Rc2 b5 32. axb5 axb5 33. Kg1 Kf6 34. Kf2 Rd8 35. Ke1 e5 36. Ke2 e4
0-1

[Event "Ring In The New Year With A Chess Tournament"]
[Site "SchemingMind.com"]
[Date "2012.01.02"]
[Round "-"]
[White "jtrochez1"]
[Black "Majoanis"]
[Result "0-1"]
[WhiteCountry "HON"]
[BlackCountry "CAN"]
[WhiteElo "1626"]
[WhiteRD "49"]
[BlackElo "1788"]
[BlackRD "63"]
[GameID "300440"]

1. e4 c6 2. Bc4 d5 3. exd5 cxd5 4. Bb5+ Nc6 5. Bxc6+ bxc6 6. d4 Nf6 7. h3 Bf5 8. Nd2 e6 9. c3 Bd6 10. Ngf3 O-O
11. O-O Rb8 12. b3 c5 13. Ne5 Bxe5 14. dxe5 Ne4 15. Nxe4 Bxe4 16. f3 Bg6 17. Be3 Qc7 18. f4 f6 19. exf6 gxf6 20. Qg4 Kh8
21. h4 Bf5 22. Qg3 Rg8 23. Qh2 Be4 24. Rf2 Rg7 25. Rd1 Rbg8 26. Rdd2 Qa5 27. f5 e5 28. c4 Qc3 29. Kh1 Qxe3 30. cxd5 Rxg2
31. Rxg2 Qxd2
0-1

[Event "Ring In The New Year With A Chess Tournament"]
[Site "SchemingMind.com"]
[Date "2012.01.05"]
[Round "-"]
[White "mochiron"]
[Black "Majoanis"]
[Result "0-1"]
[WhiteCountry "JPN"]
[BlackCountry "CAN"]
[WhiteElo "1570"]
[WhiteRD "75"]
[BlackElo "1788"]
[BlackRD "63"]
[GameID "300441"]

1. c4 c6 2. Nc3 d5 3. cxd5 cxd5 4. d4 Nf6 5. Bf4 Nc6 6. Nf3 a6 7. e3 Bg4 8. Be2 e6 9. O-O Be7 10. Ng5 Bxe2
11. Qxe2 O-O 12. e4 dxe4 13. Ncxe4 Nxe4 14. Qxe4 Bxg5 15. Bxg5 Qxg5 16. a3 Qd5 17. Qh4 Qxd4 18. Qh5 Qxb2 19. Rad1 Rad8 20. Rde1 Qxa3
21. f4 Qa5 22. f5 exf5 23. Re3 Qb6 24. Re1 f4 25. Kf2 fxe3+ 26. Rxe3 Rde8 27. Qg5 Qxe3+ 28. Qxe3 Rxe3 29. Kxe3 Rd8
0-1

[Event "Ring In The New Year With A Chess Tournament"]
[Site "SchemingMind.com"]
[Date "2012.01.02"]
[Round "-"]
[White "grabapawn"]
[Black "Majoanis"]
[Result "0-1"]
[WhiteCountry "USA"]
[BlackCountry "CAN"]
[WhiteElo "1628"]
[WhiteRD "62"]
[BlackElo "1788"]
[BlackRD "63"]
[GameID "300442"]

1. e4 c6 2. d4 d5 3. f3 e6 4. Nc3 Nf6 5. Bg5 Be7 6. Bxf6 Bxf6 7. e5 Be7 8. Bd3 a6 9. Nh3 c5 10. dxc5 Bxc5
11. Qd2 Nc6 12. a3 Nxe5 13. b4 Nxd3+ 14. cxd3 Be7 15. O-O O-O 16. f4 b6 17. d4 Bb7 18. Rf3 Rc8 19. Ne2 Bf6 20. Ng3 Rc2
21. Qxc2 Bxd4+ 22. Kh1 Bxa1 23. Ng5 g6 24. Nh5 Qc8 25. Qxc8 Rxc8 26. h3 gxh5 27. Rg3 Kf8 28. Nxh7+ Ke7 29. Rd3 d4 30. Ng5 Rc3
0-1

[Event "Ring In The New Year With A Chess Tournament"]
[Site "SchemingMind.com"]
[Date "2012.01.02"]
[Round "-"]
[White "Phillip Beckett"]
[Black "Majoanis"]
[Result "0-1"]
[WhiteCountry "ENG"]
[BlackCountry "CAN"]
[WhiteElo "1612"]
[WhiteRD "50"]
[BlackElo "1788"]
[BlackRD "63"]
[GameID "300443"]

1. e4 c6 2. d4 d5 3. Nc3 dxe4 4. Nxe4 Nd7 5. Nf3 Ngf6 6. Neg5 e6 7. c3 h6 8. Nh3 Bd6 9. Bd3 b6 10. O-O Bb7
11. Bf4 Qc7 12. Bxd6 Qxd6 13. Qe2 g5 14. Ne5 c5 15. Nxd7 Nxd7 16. dxc5 Nxc5 17. Bb5+ Kf8 18. Qh5 Qd5 19. f3 Nd3 20. Bxd3 Qxd3
21. Nxg5 Qe3+ 22. Kh1 Qxg5 23. Qh3 Kg7 24. f4 Qf5 25. Qe3 Kh7 26. h3 Rhg8 27. Rf2 Rad8 28. Raf1 Rd3 29. Qe2 Rxh3+ 30. Kg1 Rhg3
31. Kh1 Qh3+ 32. Kg1 Rxg2+ 33. Rxg2 Rxg2+ 34. Qxg2 Qxg2#
0-1

[Event "Ring In The New Year With A Chess Tournament"]
[Site "SchemingMind.com"]
[Date "2012.01.04"]
[Round "-"]
[White "Timaeus"]
[Black "Mitch The Man"]
[Result "1-0"]
[WhiteCountry "JPN"]
[BlackCountry "USA"]
[WhiteElo "1439"]
[WhiteRD "66"]
[BlackElo "1412"]
[BlackRD "60"]
[GameID "300599"]

1. e4 e5 2. Nf3 d6 3. d4 Bg4 4. d5 h6 5. Bb5+ c6 6. dxc6 bxc6 7. Ba4 Qa5+ 8. Nc3 Bd7 9. Bd2 Qc7 10. a3 Be7
11. Qe2 Nf6 12. h4 O-O 13. O-O-O a6 14. h5 Nh7 15. Nh4 Bxh4 16. Rxh4 Nf6 17. g4 Be6 18. g5 hxg5 19. Rhh1 Nh7 20. Be3 Rd8
21. Rhg1 Nd7 22. Bxg5 f6 23. Bh6 Ng5 24. Bxg5 fxg5 25. Rxg5 Nf6 26. h6 Rd7 27. Rdg1 Nh7 28. Rxg7+ Rxg7 29. Rxg7+
1-0

[Event "Ring In The New Year With A Chess Tournament"]
[Site "SchemingMind.com"]
[Date "2012.01.04"]
[Round "-"]
[White "Timaeus"]
[Black "jtrochez1"]
[Result "0-1"]
[WhiteCountry "JPN"]
[BlackCountry "HON"]
[WhiteElo "1439"]
[WhiteRD "66"]
[BlackElo "1656"]
[BlackRD "48"]
[GameID "300600"]

1. e4 e5 2. Nf3 Nc6 3. c4 d6 4. d3 h6 5. Nc3 Be6 6. g3 a6 7. Bg2 Be7 8. O-O Bf6 9. b3 Nge7 10. a3 Nd4
11. Be3 Ng6 12. a4 O-O 13. Nd2 c6 14. Rc1 c5 15. Nd5 Nc6 16. Bf3 Bh3 17. Bg4 Bxf1 18. Kxf1 Qa5 19. Qf3 Qd8 20. h4 Nd4
21. Bxd4 exd4 22. Nxf6+ Qxf6 23. Qxf6 gxf6 24. Nf3 Ne5 25. Nxe5 dxe5 26. Kg2 b6 27. h5 Kh8 28. Bf5 Rg8 29. g4 Ra7 30. Rb1 Rb8
31. b4 cxb4 32. Rxb4 Rab7 33. Kg3 Rc7 34. f3 b5 35. Kh4 Rc5 36. Bd7 Rb7 37. Bxb5 axb5 38. axb5 Kg7 39. Ra4 Rb8 40. Ra6 Rcxb5
41. cxb5 Rxb5 42. Ra3= Rc5 43. Kg3 Rc2 44. Rb3 Rc3 45. Rb2 Rxd3 46. Kf2 Rc3 47. Rd2 f5
0-1

[Event "Ring In The New Year With A Chess Tournament"]
[Site "SchemingMind.com"]
[Date "2012.01.05"]
[Round "-"]
[White "Timaeus"]
[Black "mochiron"]
[Result "1/2-1/2"]
[WhiteCountry "JPN"]
[BlackCountry "JPN"]
[WhiteElo "1439"]
[WhiteRD "66"]
[BlackElo "1490"]
[BlackRD "63"]
[GameID "300601"]

1. c4 e5 2. e4 Bb4 3. Nc3 Nf6 4. Qc2 Nc6 5. d3 Nd4 6. Qa4 Bxc3+ 7. bxc3 Nc6 8. Ba3 d6 9. c5 O-O 10. Nf3 Bd7
11. Qc2 Bg4 12. Be2 dxc5 13. Bxc5 Re8 14. O-O Bxf3 15. Bxf3 h6 16. a4 b6 17. Ba3 Nh7 18. Qb3 Ng5 19. Bh5 Qxd3 20. f3 Nd4
21. Qa2 Nc2 22. Rad1 Qe3+ 23. Rf2 Nxa3 24. Qxa3 Rad8 25. Rf1 Rd2 26. Qc1 Nh3+ 27. gxh3 Qg5+ 28. Bg4 Rxf2 29. Qxg5 Rxf1+ 30. Kxf1 hxg5=
31. Kg2 c5=
1/2-1/2

[Event "Ring In The New Year With A Chess Tournament"]
[Site "SchemingMind.com"]
[Date "2012.01.05"]
[Round "-"]
[White "Timaeus"]
[Black "grabapawn"]
[Result "0-1"]
[WhiteCountry "JPN"]
[BlackCountry "USA"]
[WhiteElo "1439"]
[WhiteRD "66"]
[BlackElo "1641"]
[BlackRD "64"]
[GameID "300602"]

1. c4 Nf6 2. d3 d5 3. c5 Nc6 4. Be3 d4 5. Bg5 b6 6. Qc1 Bb7 7. cxb6 axb6 8. e3 e5 9. e4 Be7 10. f4 Nh5
11. Bxe7 Qxe7 12. f5 Nf6 13. Nf3 Ng4 14. Qg5 Qxg5 15. Nxg5 Ne3 16. Kd2 Nb4 17. Be2 Nbc2 18. Na3 Nxa1 19. Rxa1 Nxg2 20. b4 Rxa3
21. Nf3 f6 22. Bf1 Nf4 23. b5 O-O
0-1

[Event "Ring In The New Year With A Chess Tournament"]
[Site "SchemingMind.com"]
[Date "2012.01.04"]
[Round "-"]
[White "Timaeus"]
[Black "Majoanis"]
[Result "0-1"]
[WhiteCountry "JPN"]
[BlackCountry "CAN"]
[WhiteElo "1439"]
[WhiteRD "66"]
[BlackElo "1862"]
[BlackRD "58"]
[GameID "300603"]

1. e4 c6 2. d4 d5 3. Nc3 dxe4 4. Nxe4 Nd7 5. Be3 Ngf6 6. Bc4 Nxe4 7. Bxf7+ Kxf7 8. Qf3+ Nef6 9. Bg5 Qa5+ 10. c3 Qxg5
11. Ne2 Qd5 12. Qxd5+ cxd5 13. O-O e5 14. f3 exd4 15. Nxd4 Bc5 16. Rac1 Nb6 17. Rce1 Bxd4+ 18. cxd4 Bf5 19. b3 Rae8 20. g4 Rxe1
21. Rxe1 Bd7
0-1

[Event "Ring In The New Year With A Chess Tournament"]
[Site "SchemingMind.com"]
[Date "2012.01.05"]
[Round "-"]
[White "Timaeus"]
[Black "Phillip Beckett"]
[Result "0-1"]
[WhiteCountry "JPN"]
[BlackCountry "ENG"]
[WhiteElo "1439"]
[WhiteRD "66"]
[BlackElo "1602"]
[BlackRD "51"]
[GameID "300604"]

1. e4 e5 2. c4 Nf6 3. Nc3 Nc6 4. Nd5 d6 5. d3 Nd4 6. Nf3 c6 7. Nc3 Bg4 8. Be2 Nxe2 9. Qxe2 Be7 10. Be3 h6
11. h3 Be6 12. O-O O-O 13. b3 Nh7 14. Rad1 Ng5 15. Nh4 Nxe4 16. dxe4 Bxh4 17. c5 d5 18. b4 d4 19. Bc1 Qf6 20. Na4 Qg6
21. Nb2 Bxh3 22. Qf3 Bg4 23. Qd3 Be6 24. Nc4 Bxc4 25. Qxc4 Qe6 26. Qe2 Rae8 27. a3 f5 28. Rd3 f4 29. Qf3 g5 30. g4 Kg7
31. Kg2 Rh8 32. Bd2 Qg6 33. Qd1 h5 34. f3 hxg4 35. fxg4 Bg3 36. Kf3 Rh3 37. Rh1 Reh8 38. Rxh3 Rxh3 39. Qg1 Qh6 40. Kg2 Qh4
41. Be1 Rh2+ 42. Kf3 Bxe1
0-1

[Event "Ring In The New Year With A Chess Tournament"]
[Site "SchemingMind.com"]
[Date "2012.01.04"]
[Round "-"]
[White "Mitch The Man"]
[Black "Timaeus"]
[Result "1-0"]
[WhiteCountry "USA"]
[BlackCountry "JPN"]
[WhiteElo "1412"]
[WhiteRD "60"]
[BlackElo "1439"]
[BlackRD "66"]
[GameID "300606"]

1. e4 Nf6 2. d3 e5 3. Be2 Bc5 4. Nf3 h6 5. h3 Nc6 6. O-O d6 7. a3 b6 8. b3 O-O 9. Nc3 Bb7 10. Na4 Bd4
11. Nxd4 Nxd4 12. Bb2 Ne6 13. c4 c5 14. Nc3 Qe7 15. Nd5 Bxd5 16. cxd5 Nc7 17. a4 a5 18. Qc2 Na6 19. Bc3 Rab8 20. Qb1 Qc7
21. Ra3 b5 22. axb5 Rxb5 23. d4 Rb6 24. Bxa5 Nb4 25. Bxb6 Qxb6 26. dxe5 dxe5 27. f3 Nd7 28. Kh2 f5 29. exf5 Nxd5 30. Ra6 Qd8
31. Bc4 Nf6 32. Rd1 Qd7 33. Qa2 Kh8 34. Ra7 Qc6 35. Rd2 Nc3 36. Qa5 e4 37. Ra6 Qb7 38. Rdd6 Nfd5 39. fxe4 Nb4 40. Rab6 Qxe4
41. Qxc5 Qf4+ 42. g3 Qxf5 43. Qxf5 Rxf5 44. Rd8+ Kh7 45. Bg8+ Kh8 46. Be6+
1-0

[Event "Ring In The New Year With A Chess Tournament"]
[Site "SchemingMind.com"]
[Date "2012.01.04"]
[Round "-"]
[White "jtrochez1"]
[Black "Timaeus"]
[Result "0-1"]
[WhiteCountry "HON"]
[BlackCountry "JPN"]
[WhiteElo "1656"]
[WhiteRD "48"]
[BlackElo "1439"]
[BlackRD "66"]
[GameID "300607"]

1. e4 e5 2. Nf3 Nc6 3. d4 Nxd4 4. c3 Nxf3+ 5. Qxf3 Bc5 6. Bc4 Qe7 7. Be3 Bxe3 8. Qxe3 Nf6 9. O-O c6 10. Qg5 O-O
11. Nd2 b5 12. Bd3 a6 13. Be2 h6 14. Qg3 d5 15. exd5 cxd5 16. b4 Bb7 17. h3 e4 18. Rfe1 Rad8 19. f4 Bc8 20. a4 e3
21. Bd3 d4 22. cxd4 Qxb4 23. Nf3 Qc3 24. Ne5 Qxd4 25. Kh2 Nh5 26. Qxe3 Nxf4 27. Qxd4 Rxd4 28. axb5 Nxd3 29. g3 Nxe1 30. Rxe1 Rd2+
31. Kg1 axb5 32. Nf3 Rb2 33. g4 Bb7 34. Nh4 g6
0-1

[Event "Ring In The New Year With A Chess Tournament"]
[Site "SchemingMind.com"]
[Date "2012.01.05"]
[Round "-"]
[White "mochiron"]
[Black "Timaeus"]
[Result "1-0"]
[WhiteCountry "JPN"]
[BlackCountry "JPN"]
[WhiteElo "1490"]
[WhiteRD "63"]
[BlackElo "1439"]
[BlackRD "66"]
[GameID "300608"]

1. g3 d5 2. Bg2 e5 3. e4 Be6 4. Nc3 Nf6 5. exd5 Bxd5 6. Bxd5 Nxd5 7. d3 Nxc3 8. bxc3 Nc6 9. Be3 Ba3 10. Nf3 Qe7
11. O-O Rd8 12. Bc1 e4 13. Nd4 Bxc1 14. Qxc1 Nxd4 15. cxd4 Rxd4 16. dxe4 Rxe4 17. Qd2 O-O 18. Rae1 Rxe1 19. Rxe1 Qd6 20. Qe3 b6
21. c3 Qd7 22. f4 g6 23. Qf3 Qd2 24. Re2 Qd1+ 25. Kg2 c5 26. f5 Kg7 27. f6+ Kh8 28. Qe3 Qa4 29. Qh6 Re8 30. Qg7#
1-0

[Event "Ring In The New Year With A Chess Tournament"]
[Site "SchemingMind.com"]
[Date "2012.01.05"]
[Round "-"]
[White "grabapawn"]
[Black "Timaeus"]
[Result "1-0"]
[WhiteCountry "USA"]
[BlackCountry "JPN"]
[WhiteElo "1641"]
[WhiteRD "64"]
[BlackElo "1439"]
[BlackRD "66"]
[GameID "300609"]

1. e4 e5 2. d4 Nc6 3. d5 Nce7 4. Nc3 d6 5. Bg5 h6 6. Bh4 g5 7. Bg3 Nf6 8. Bc4 Ng6 9. Nge2 g4 10. O-O Bd7
11. f4 exf4 12. Nxf4 Qe7 13. Qd4 Nxe4 14. Rae1 Nxg3 15. Rxe7+ Bxe7 16. Nxg6 Ba4 17. Qxh8+ Kd7 18. Qxa8 Nxf1 19. Nxe7 Kxe7 20. Kxf1 Bxc2
21. Qxb7 f5 22. Qxc7+ Kf6 23. Qxd6+ Kg5 24. Qe7+
1-0

[Event "Ring In The New Year With A Chess Tournament"]
[Site "SchemingMind.com"]
[Date "2012.01.05"]
[Round "-"]
[White "Majoanis"]
[Black "Timaeus"]
[Result "1-0"]
[WhiteCountry "CAN"]
[BlackCountry "JPN"]
[WhiteElo "1862"]
[WhiteRD "58"]
[BlackElo "1439"]
[BlackRD "66"]
[GameID "300610"]

1. e4 e5 2. Bc4 Nc6 3. d3 Bc5 4. c3 Qf6 5. Nf3 d6 6. O-O h6 7. Bb3 Bg4 8. Nbd2 Qg6 9. Re1 Bh3 10. Nh4 Bxf2+
11. Kxf2 Qf6+ 12. Nhf3 Bg4 13. Kg1 Nge7 14. Rf1 O-O 15. Qe1 b5 16. Bc2 a5 17. d4 Ng6 18. Nxe5 Qxf1+ 19. Nxf1 Ncxe5 20. dxe5 dxe5
21. Ne3 Be6 22. Nf5 Rae8 23. Be3 Bxf5 24. exf5 Nh8 25. Bc5
1-0

[Event "Ring In The New Year With A Chess Tournament"]
[Site "SchemingMind.com"]
[Date "2012.01.04"]
[Round "-"]
[White "Phillip Beckett"]
[Black "Timaeus"]
[Result "1-0"]
[WhiteCountry "ENG"]
[BlackCountry "JPN"]
[WhiteElo "1602"]
[WhiteRD "51"]
[BlackElo "1439"]
[BlackRD "66"]
[GameID "300611"]

1. e4 e5 2. Nf3 d6 3. d4 exd4 4. Nxd4 Nf6 5. Nc3 Bd7 6. Be2 Be7 7. O-O Nc6 8. Kh1 h5 9. Be3 Nxd4 10. Bxd4 Be6
11. f4 c6 12. Qe1 c5 13. Be3 O-O 14. Rd1 Qa5 15. Nd5 Qxe1 16. Nxe7+ Kh7 17. Rdxe1 g6 18. e5 dxe5 19. fxe5 Nd5 20. Nxd5 Bxd5
21. c4 Be6 22. b3 a5 23. Bf3 Rac8 24. Bxb7
1-0

[Event "Ring In The New Year With A Chess Tournament"]
[Site "SchemingMind.com"]
[Date "2012.01.04"]
[Round "-"]
[White "lennart"]
[Black "Mitch The Man"]
[Result "1-0"]
[WhiteCountry "SWE"]
[BlackCountry "USA"]
[WhiteElo "1517"]
[WhiteRD "51"]
[BlackElo "1352"]
[BlackRD "61"]
[GameID "300624"]

1. e4 d6 2. Nf3 Bg4 3. h3 Bxf3 4. Qxf3 e6 5. Bb5+ c6 6. Ba4 Ne7 7. O-O g6 8. d4 Bg7 9. Rd1 O-O 10. Na3 b5
11. Bb3 Na6 12. c4 b4 13. Nc2 Qc8 14. a3 bxa3 15. Rxa3 Qc7 16. Rxa6 Qb7 17. Ra3 c5 18. d5 e5 19. g4 f6 20. h4 a6
21. Qh3 Rf7 22. g5 Qc7 23. Ba4 Rd8 24. b4 cxb4 25. Nxb4 Qxc4 26. Nd3 Qxe4 27. h5 fxg5 28. Bxg5 Rf3 29. Qe6+ Kh8 30. Bxe7
1-0

[Event "Ring In The New Year With A Chess Tournament"]
[Site "SchemingMind.com"]
[Date "2012.01.04"]
[Round "-"]
[White "lennart"]
[Black "jtrochez1"]
[Result "0-1"]
[WhiteCountry "SWE"]
[BlackCountry "HON"]
[WhiteElo "1517"]
[WhiteRD "51"]
[BlackElo "1626"]
[BlackRD "49"]
[GameID "300625"]

1. e4 e5 2. Nc3 Nf6 3. Nf3 d6 4. h3 Be7 5. Bd3 Nc6 6. O-O a6 7. b3 Be6 8. a3 Nd4 9. Nxd4 exd4 10. Ne2 c5
11. c4 Qd7 12. Bc2 b5 13. cxb5 axb5 14. Nf4 c4 15. Nxe6 Qxe6 16. d3 c3 17. Bg5 O-O 18. Re1 h6 19. Bf4 Qd7 20. Qc1 Kh7
21. e5 dxe5 22. Bg3 Bd6 23. b4 Qc7 24. Ra2 Rfe8 25. Bb3 Re7 26. Qc2 Nd7 27. Qe2 Nf6 28. Qd1 Nd7 29. Bd5 Rf8 30. Ree2 Nb6
31. Be4+ f5 32. Bf3 f4 33. Bh2 Na4 34. Qb3 Nb2 35. Be4+ Kh8 36. f3 g5 37. Rc2 Nd1 38. Ra1 Ne3 39. Re2 c2 40. Rc1 Rc8
41. Bf5 Nxf5 42. Rexc2 Ne3 43. Rxc7 Bxc7 44. Rc5 Rb8 45. a4 bxa4 46. Qxa4 Bd6 47. Rc6 Rxb4 48. Rc8+ Kg7 49. Qa2 Rf7 50. Kh1 Nf1
51. Kg1 Ng3 52. Re8 h5 53. Kf2 h4 54. Re6 Rfb7 55. Ke1 Rb1+ 56. Kd2 R1b2+
0-1

[Event "Ring In The New Year With A Chess Tournament"]
[Site "SchemingMind.com"]
[Date "2012.01.05"]
[Round "-"]
[White "lennart"]
[Black "mochiron"]
[Result "1-0"]
[WhiteCountry "SWE"]
[BlackCountry "JPN"]
[WhiteElo "1555"]
[WhiteRD "52"]
[BlackElo "1490"]
[BlackRD "63"]
[GameID "300626"]

1. e4 c6 2. Nf3 d5 3. exd5 cxd5 4. Be2 Nc6 5. h3 e5 6. d3 h6 7. O-O Nf6 8. c3 Bd6 9. c4 d4 10. a3 e4
11. Ne1 e3 12. fxe3 dxe3 13. Bxe3 h5 14. Nc3 Ng4 15. hxg4 hxg4 16. Bxg4 Bh2+ 17. Kf2 Qh4+ 18. Ke2 Bxg4+ 19. Nf3 Bxf3+ 20. gxf3 O-O-O
21. b4 Rhe8 22. Ne4 f5 23. Bf2 Qf6 24. Rh1 Be5 25. Nxf6 Bxf6+ 26. Kf1 Bxa1 27. Qxa1 Rxd3 28. Kg2 f4 29. Qxg7 Rdd8 30. Qg4+ Kb8
31. Qxf4+ Ka8 32. c5 Rg8+ 33. Bg3 a6 34. Rh7 Nd4 35. Qe4 Nc6 36. a4 Rd2+ 37. Kh3 Rdd8 38. a5 Rd4 39. Qe3 Rxb4 40. Qe6 Rb8
41. Bxb8
1-0

[Event "Ring In The New Year With A Chess Tournament"]
[Site "SchemingMind.com"]
[Date "2012.01.04"]
[Round "-"]
[White "lennart"]
[Black "grabapawn"]
[Result "0-1"]
[WhiteCountry "SWE"]
[BlackCountry "USA"]
[WhiteElo "1517"]
[WhiteRD "51"]
[BlackElo "1628"]
[BlackRD "62"]
[GameID "300627"]

1. e4 d5 2. e5 Nd7 3. d4 e6 4. Bd3 c5 5. dxc5 Nxe5 6. b4 a6 7. Be2 Nf6 8. Nd2 Be7 9. Ngf3 Nxf3+ 10. Bxf3 O-O
11. O-O Bd7 12. c3 b6 13. Nb3 bxc5 14. bxc5 Rc8 15. Be3 Bc6 16. Nd4 Re8 17. Nxc6 Rxc6 18. Rb1 Bxc5 19. Bxc5 Rxc5 20. Rb3 e5
21. Be2 Qd6 22. c4 d4 23. Qc2 e4 24. Qc1 g6 25. Rd1 d3 26. Bf1 Ng4 27. g3 Ne5 28. Rb4 Qd4 29. Qe3 Qxe3 30. fxe3 Rxc4
31. a3 Rxb4 32. axb4 Rb8 33. Rb1 Nc6
0-1

[Event "Ring In The New Year With A Chess Tournament"]
[Site "SchemingMind.com"]
[Date "2012.01.04"]
[Round "-"]
[White "lennart"]
[Black "Majoanis"]
[Result "0-1"]
[WhiteCountry "SWE"]
[BlackCountry "CAN"]
[WhiteElo "1517"]
[WhiteRD "51"]
[BlackElo "1788"]
[BlackRD "63"]
[GameID "300628"]

1. e4 c6 2. Nf3 d5 3. e5 Bg4 4. h3 Bxf3 5. Qxf3 e6 6. d4 Ne7 7. Bd3 Nd7 8. O-O c5 9. dxc5 Nxe5 10. Qh5 Nxd3
11. cxd3 Nc6 12. Nd2 Bxc5 13. a3 O-O 14. b4 Bd4 15. Rb1 Bf6 16. Nb3 Nd4 17. Nd2 Nc6 18. b5 Ne7 19. a4 Ng6 20. Ba3 Re8
21. Nf3 Qa5 22. Rfc1 Rec8 23. Rd1 Qxa4 24. Bd6 Qa5 25. d4 Qd8 26. Bg3 a5 27. Re1 Rc4 28. Red1 b6 29. Ne1 Rxd4 30. Rxd4 Bxd4
31. Nd3 Bf6 32. Qd1 Nf8 33. Qf3 Rc8 34. Be5 Nd7 35. Bg3 h6 36. Ra1 Bxa1
0-1

[Event "Ring In The New Year With A Chess Tournament"]
[Site "SchemingMind.com"]
[Date "2012.01.04"]
[Round "-"]
[White "lennart"]
[Black "Phillip Beckett"]
[Result "1/2-1/2"]
[WhiteCountry "SWE"]
[BlackCountry "ENG"]
[WhiteElo "1517"]
[WhiteRD "51"]
[BlackElo "1612"]
[BlackRD "50"]
[GameID "300629"]

1. e4 e5 2. Nf3 Nc6 3. Nc3 Nf6 4. Bc4 Nxe4 5. Bxf7+ Kxf7 6. Nxe4 d5 7. Ng3 Bg4 8. h3 Bxf3 9. Qxf3+ Kg8 10. O-O e4
11. Qd1 Bd6 12. Nf5 g6 13. Nxd6 Qxd6 14. b3 Ne5 15. Bb2 Kf7 16. f4 exf3 17. Bxe5 Qxe5 18. Qxf3+ Kg7 19. Qd3 Rhf8 20. Rae1 Qd6
21. Qd4+ Kg8 22. Rxf8+ Rxf8 23. Qxa7 b6 24. Qa4 Qc5+ 25. Kh1 Qxc2 26. d4 Qf2 27. Rc1 Qf4 28. Rg1 Qd2 29. Kh2 Qf4+ 30. Kh1 Qd6=
1/2-1/2

[Event "Ring In The New Year With A Chess Tournament"]
[Site "SchemingMind.com"]
[Date "2012.01.04"]
[Round "-"]
[White "lennart"]
[Black "Timaeus"]
[Result "0-1"]
[WhiteCountry "SWE"]
[BlackCountry "JPN"]
[WhiteElo "1517"]
[WhiteRD "51"]
[BlackElo "1512"]
[BlackRD "73"]
[GameID "300630"]

1. e4 d5 2. exd5 Qxd5 3. Nf3 e5 4. Bc4 Qxc4 5. d3 Qg4 6. h3 Qxg2 7. Rg1 Qxh3 8. Nxe5 Qh2 9. Nf3 Qh5 10. Nbd2 Bg4
11. Qe2+ Be7 12. Qe4 Nf6 13. Rg3 Nxe4 14. dxe4 Bh4
0-1

[Event "Ring In The New Year With A Chess Tournament"]
[Site "SchemingMind.com"]
[Date "2012.01.05"]
[Round "-"]
[White "Mitch The Man"]
[Black "lennart"]
[Result "0-1"]
[WhiteCountry "USA"]
[BlackCountry "SWE"]
[WhiteElo "1352"]
[WhiteRD "61"]
[BlackElo "1517"]
[BlackRD "51"]
[GameID "300632"]

1. e4 e5 2. Nf3 d6 3. h3 Nf6 4. d3 Nc6 5. Be2 d5 6. exd5 Nxd5 7. O-O Bc5 8. c4 Ndb4 9. a3 Na6 10. Nc3 O-O
11. Na4 Qd6 12. Nxc5 Nxc5 13. Qc2 Re8 14. Be3 e4 15. dxe4 Nxe4 16. Bd3 Nf6 17. b4 a6 18. Rad1 Qf8 19. Ng5 g6 20. Nf3 Be6
21. Bc5 Ne7 22. Ng5 Bf5 23. Bxf5 gxf5 24. Bxe7 Rxe7 25. Qxf5 Qh6 26. Rd4 Rae8 27. f4 Nh5 28. Kh2 Ng7 29. Qg4 f6 30. Ne4 f5
31. Nf6+ Qxf6 32. Qd1 h6 33. Rd8 Ne6 34. Rxe8+ Rxe8 35. Qd7 Rd8 36. Qa4 Kg7 37. Rf3 Qd4 38. Qc2 Kf6 39. h4 Nxf4 40. c5 h5
41. c6 b5 42. Rf2 Qe5 43. Kg1 Rg8 44. Qd1 Qe4 45. Qb3 Rxg2+
0-1